000
00318nam a2200133Ia 4500
005
20251222144726.0
008
251222s9999||||xx |||||||||||||| ||spa||
020
_a
85-06-03401-9
082
_a
REF.469/C72
100
_a
Couto Pereira, Helena Bonito
245
0
_a
Michaelis:
264
_b
Melhoramentos
942
_c
LIB
999
_c
18403
_d
18403